000 01087nam a2200289 i 4500
001 bg
245 0 0 _aWybrane zagadnienia diagnostyki pojazdów :
_bpraca zbiorowa /
_cpod red. Wincentego Lotko ; [poszczeg. rozdz. oprac. Wincenty Lotko, Rafał Longwic, Krzysztof Górski].
260 _aRadom :
_bPolitechnika Radomska. Wydaw.,
_c2004.
300 _a332 s. :
_bil. (w tym kolor.) ;
_c25 cm.
500 _aStreszcz. ang.
504 _aBibliogr. przy rozdz.
521 _aDla wykładowców i studentów zajmujących się zagadnieniami diagnostyki wspólczesnych pojazdów.
650 9 _aDiagnostyka techniczna
650 9 _aSamochody
_xbadanie
655 _aPodręczniki akademickie
700 1 _aLOTKO, Wincenty.
_eRed.
700 1 _aLONGWIC, Rafał.
_eOprac.
700 1 _aGÓRSKI, Krzysztof.
_eOprac.
020 _a8373511288
040 _cBPK
041 0 _apol
_beng
080 _a629.33.01(075.8)
920 _a83-7351-128-8
942 _cKS
008 s pl f |000 0 pol
999 _c45406
_d45406
856 _uhttp://koha.tu.koszalin.pl/cgi-bin/koha/opac-detail.pl?biblionumber=45406
_yKatalog online BPK